The tunnel
Guardat en:
| Autor principal: | |
|---|---|
| Format: | Llibre |
| Idioma: | anglès |
| Publicat: |
Ballantine Books
1988
|
| Etiquetes: |
Afegir etiqueta
Sense etiquetes, Sigues el primer a etiquetar aquest registre!
|
MARC
| LEADER | 00000nam a22000007a 4500 | ||
|---|---|---|---|
| 008 | 210121b ||||| |||| 00| 0 eng d | ||
| 020 | |a 0-345-35192-4 | ||
| 100 | |a SÁBATO, Ernesto | ||
| 245 | |a The tunnel |c Ernesto Sábato | ||
| 260 | |b Ballantine Books |c 1988 |d Books |h New York |i 681780 |l PN3373 .Sa1 |m Novel – Fiction | ||
| 942 | |a lcc |c BK |e Adekanye I. H. |f 21/01/2021 | ||
| 952 | |0 0 |1 0 |2 lcc |4 0 |6 PN3373 S A1 |7 0 |9 1366 |a HOL |b HOL |c LP |d 2021-01-21 |l 0 |o PN3373 .Sa1 |p 2021-0171 |r 2021-01-21 00:00:00 |w 2021-01-21 |y BK | ||
| 999 | |c 712 |d 712 | ||